Rock slope engineering / (Record no. 546520)

000 -LEADER
fixed length control field 00522nam a2200181 a 4500
020 ## - INTERNATIONAL STANDARD BOOK NUMBER
International Standard Book Number 0900488573
082 00 - DEWEY DECIMAL CLASSIFICATION NUMBER
Classification number 624.152
Author Mark HOE
100 1# - MAIN ENTRY--PERSONAL NAME
Personal name Hoek, Evert,
9 (RLIN) 23486
245 10 - TITLE STATEMENT
Title Rock slope engineering /
Statement of responsibility, etc. Evert Hoek and John Bray.
250 ## - EDITION STATEMENT
Edition statement 3rd ed.
260 ## - PUBLICATION, DISTRIBUTION, ETC.
Place of publication, distribution, etc. London :
Name of publisher, distributor, etc. Institution of Mining and Metallurgy,
Date of publication, distribution, etc. 1981.
300 ## - PHYSICAL DESCRIPTION
Extent 358 p. :
Other physical details ill. ;
Dimensions 28 cm.
526 ## - STUDY PROGRAM INFORMATION NOTE
Program name 0
Interest level 0
Reading level 0
Title point value 624_152000000000000_HOE
650 #0 - SUBJECT ADDED ENTRY--TOPICAL TERM
Topical term or geographic name entry element MCE
9 (RLIN) 379
650 #0 - SUBJECT ADDED ENTRY--TOPICAL TERM
Topical term or geographic name entry element Rock slopes.
9 (RLIN) 30180
700 1# - ADDED ENTRY--PERSONAL NAME
Personal name Bray, John,
9 (RLIN) 42458
942 ## - ADDED ENTRY ELEMENTS (KOHA)
Source of classification or shelving scheme
Koha item type Book
Holdings
Withdrawn status Lost status Source of classification or shelving scheme Damaged status Not for loan Permanent Location Current Location Date acquired Total Checkouts Full call number Barcode Date last seen Date last checked out Price effective from Koha item type
          Military College of Engineering (MCE) Military College of Engineering (MCE) 06/12/2014 1 624.152 HOE MCE-44176 04/20/2017 02/23/2017 06/12/2014 Book
© 2023 Central Library, National University of Sciences and Technology. All Rights Reserved.